El derecho a la información en Chile: análisis de la ley N§19.733 sobre libertades de opinión e información y ejercicio del periodismo, Ley de Prensa

Uloženo v:
Podrobná bibliografie
Hlavní autor: Anguita Ramírez, Pedro (Autor)
Médium: Kniha
Jazyk:španělština
Vydáno: Santiago LexisNexis 2005
Vydání:1a. ed
Témata:
Tagy: Přidat tag
Žádné tagy, Buďte první, kdo vytvoří štítek k tomuto záznamu!

MARC

LEADER 00000nam a2200000 a 4500
001 UCK9401
003 CL-VaPUC
008 060512e20050000CL |||||||||||||||||spa|d
020 |a 9562385264 
082 0 4 |a 342.830853  |b ANG  |2 21 
100 0 |a Anguita Ramírez, Pedro  |e author  |9 499166 
245 1 3 |a El derecho a la información en Chile: análisis de la ley N§19.733 sobre libertades de opinión e información y ejercicio del periodismo, Ley de Prensa 
250 |a 1a. ed 
300 |a 468 p 
942 |c BK 
945 |d 20060512 00:00:00  |a cmena 
260 |a Santiago  |b LexisNexis  |c 2005 
650 0 |a Libertad de información  |9 257205 
650 0 |a Libertad de opinión  |9 404292 
650 0 |a Periodismo   |9 310113 
650 7 |a DERECHO AL HONOR  |2 CL-VaPUC  |9 416057 
650 0 |a Jurisprudencia  |9 255952 
650 0 |a Derecho constitucional   |9 222588 
583 |a last modification  |c 20060512 00:00:00  |k Rodrigo Vera 
999 |c 316608  |d 316606 
952 |0 0  |1 0  |4 0  |6 342_830853000000000_ANG_2005  |7 0  |8 A  |9 391144  |a BIBDER  |b BIBDER  |d 2019-11-22  |i 422695K  |l 1  |m 3  |o 342.830853 ANG 2005  |p 422695K  |q 2025-12-31  |r 2022-06-07  |s 2022-06-07  |w 2019-11-22  |y BK  |k DER